1220 1224 1702 1734 2000 1941 1260 1186 1632 1367 1966 1687 1335 1549 1150 1359 1152 1895 1210 1459 1682 1929 1800 1943 1517 1926 1790 1438 1413 1912 1111 1933 1854 1117 1456 1273 1976 1079 1316 1206 1333 1315 1745 1247 1739 1721 1428 1114 1481 1345 1808 1075 1819 1559 1178 1968 1897 1634 1034 1800 1039 1624 1173 1750 1970 1593 1712 1561 1823 1666 1885 1511 1915 1423 1025 1723 1743 1533 1084 1572 1376 1832 1832 1619 1512 1655 1918 1178 1310 1783 1825 1401 1852 1485 1215 1992 1221 1681 1215 BCNSPRNW ULIB Ver.6.0+V

เปลี่ยนเป็นภาษาไทย

Change to English
 แสดงรายละเอียดบรรณานุกรม
  กลับหน้าหลัก

Brief Record : Get Marc (ISO 2709) : E-mail record : QR code < ปิดหน้าต่าง
LEADER : 00000nam 2200000uu 4500
001    13399113598
003     ULIB
008    020711s2550 th a 000 0 tha d
020    9743230521
090    นว.^bบ334จ 2550
100    บินหลา สันกาลาคีรี
245    เจ้าหงิญ/^cบินหลา สันกาลาคีรี
250    พิมพ์ครั้งที่ 19
260    กรุงเทพฯ :^bมติชน,^c2550
300    127 หน้า
710 1  มติชน
945    ^p100^l0^i14459
945    ^p100^l0^i022034
995    ทศพร
999 ^a ทศพร
รายการนี้ยังไม่มีแท็ก
คุณยังไม่ได้ล็อกอิน คุณสามารถมีกิจกรรมร่วมกับเว็บไซต์ได้ แต่ต้องล็อกอินก่อน ::
  ล็อกอิน

รายการสื่อสารสนเทศ

ลำดับที่ ประเภท เลขเรียก/บาร์โค้ด สถานที่ สถานะ
1. นวนิยาย
นวนิยาย
นว. บ334จ 2550 ฉ.1 
  Barcode: 14459
ห้องสมุดวิทยาเขตสวรรค์ประชารักษ์
►นวนิยาย
บนชั้น
  ขอยืม
2. นวนิยาย
นวนิยาย
นว. บ334จ 2550 ฉ.1 
  Barcode: 022034
ห้องสมุดวิทยาเขตสวรรค์ประชารักษ์
►นวนิยาย
บนชั้น
  ขอยืม

BibComment


ยังไม่เคยถูกคอมเมนท์

คอมเมนท์ทรัพยากรรายการนี้
  คอมเมนท์: เจ้าหงิญ บินหลา ส..


 Copyright 2026. Bcnsprnw @Library